=LDR 00000nam 2200000 4500 =001 NUTBA000000000005808 =005 20240507090708 =035 ##$$a 0010-111400000000287 =008 240507###########################0###### =020 ##$$a 978-979-1276-81-8 =040 ##$$a NBPDMAT =090 ##$$a 613 $B Dod g =100 ##$$a Dodo, R.W. =245 1#$$a Gigiku sehat /$c R.W. Dodo dan Elly Rochayati; editor, Weni Rahayu =250 ##$$a Seri Aku Anak Sehat =260 ##$$a Jakarta :$b Mediantara Semesta,$c 2012 =300 ##$$a vi, 38 hlm. : $b ilus. ; $c 24 cm. =440 ##$$a Seri Aku Anak Sehat =500 ##$$a Bibliografi : hlm. 37 =700 #$$a Elly Rochayati Weni Rahayu =850 ##$$a NBPDMAT =082 ##$$a 613 =084 ##$$a 613 DOD g =990 ##$$a 21415657 =990 ##$$a 21415658 =990 ##$$a 21415659 =990 ##$$a 21415660 =990 ##$$a 21415661